<?xml version="1.0" encoding="UTF-8"?>
<collection xmlns="http://www.loc.gov/MARC21/slim">
 <record>
  <leader>03027aam a22003618a 4500</leader>
  <controlfield tag="001">NCT_88799</controlfield>
  <controlfield tag="008">121107s2012                  ||||||viesd</controlfield>
  <datafield tag="999" ind1=" " ind2=" ">
   <subfield code="c">4380</subfield>
   <subfield code="d">4380</subfield>
  </datafield>
  <datafield tag="020" ind1=" " ind2=" ">
   <subfield code="c">88000</subfield>
   <subfield code="a">9786048968762</subfield>
  </datafield>
  <datafield tag="082" ind1="0" ind2="4">
   <subfield code="2">23rd ed.</subfield>
   <subfield code="a">346.597082</subfield>
   <subfield code="b">V121</subfield>
  </datafield>
  <datafield tag="100" ind1="1" ind2=" ">
   <subfield code="a">Nguyễn Văn Vân</subfield>
   <subfield code="e">Chủ biên</subfield>
  </datafield>
  <datafield tag="245" ind1="1" ind2="0">
   <subfield code="a">Giáo trình luật ngân hàng</subfield>
   <subfield code="c">Nguyễn Văn Vân (chủ biên) ; Phan Thị Thành Dương, Nguyễn Thị Thủy,...[et al.]</subfield>
  </datafield>
  <datafield tag="250" ind1=" " ind2=" ">
   <subfield code="a">Tái bản lần thứ nhất</subfield>
  </datafield>
  <datafield tag="260" ind1=" " ind2=" ">
   <subfield code="a">H.</subfield>
   <subfield code="b">Hồng Đức ; Hội Luật gia Việt Nam</subfield>
   <subfield code="c">2019</subfield>
  </datafield>
  <datafield tag="300" ind1=" " ind2=" ">
   <subfield code="a">454 tr.</subfield>
   <subfield code="b">sơ đồ</subfield>
   <subfield code="c">21cm</subfield>
  </datafield>
  <datafield tag="500" ind1=" " ind2=" ">
   <subfield code="a">ĐTTS ghi: Trường đại học Luật Tp. Hồ Chí Minh</subfield>
  </datafield>
  <datafield tag="520" ind1="3" ind2=" ">
   <subfield code="a">Những lí luận chung về ngân hàng và luật ngân hàng. Địa vị pháp lý của Ngân hàng nhà nước Việt Nam. Địa vị pháp lý của tổ chức tín dụng. Pháp luật về quản lý tiền tệ và ngoại hối. Pháp luật điều chỉnh hoạt động cấp tín dụng của tổ chức tín dụng. Pháp luật về dịch vụ thanh toán qua tổ chức cung ứng dịch vụ thanh toán</subfield>
  </datafield>
  <datafield tag="653" ind1=" " ind2=" ">
   <subfield code="a">Luật học</subfield>
  </datafield>
  <datafield tag="655" ind1=" " ind2="7">
   <subfield code="a">Giáo trình</subfield>
  </datafield>
  <datafield tag="700" ind1="1" ind2=" ">
   <subfield code="a">Phan Thị Thành Dương</subfield>
  </datafield>
  <datafield tag="700" ind1="1" ind2=" ">
   <subfield code="a">Nguyễn Thị Thuỷ</subfield>
  </datafield>
  <datafield tag="942" ind1=" " ind2=" ">
   <subfield code="2">ddc</subfield>
   <subfield code="c">BK</subfield>
  </datafield>
  <datafield tag="952" ind1=" " ind2=" ">
   <subfield code="0">0</subfield>
   <subfield code="1">0</subfield>
   <subfield code="2">ddc</subfield>
   <subfield code="4">0</subfield>
   <subfield code="6">346_597082000000000_V121</subfield>
   <subfield code="7">0</subfield>
   <subfield code="9">21062</subfield>
   <subfield code="a">000001</subfield>
   <subfield code="b">000001</subfield>
   <subfield code="d">2021-04-03</subfield>
   <subfield code="o">346.597082 V121</subfield>
   <subfield code="p">MD.18320</subfield>
   <subfield code="r">2021-04-03</subfield>
   <subfield code="v">88000.00</subfield>
   <subfield code="w">2021-04-03</subfield>
   <subfield code="y">BK</subfield>
  </datafield>
  <datafield tag="952" ind1=" " ind2=" ">
   <subfield code="0">0</subfield>
   <subfield code="1">0</subfield>
   <subfield code="2">ddc</subfield>
   <subfield code="4">0</subfield>
   <subfield code="6">346_597082000000000_V121</subfield>
   <subfield code="7">0</subfield>
   <subfield code="9">21063</subfield>
   <subfield code="a">000001</subfield>
   <subfield code="b">000001</subfield>
   <subfield code="d">2021-04-03</subfield>
   <subfield code="o">346.597082 V121</subfield>
   <subfield code="p">MD.18321</subfield>
   <subfield code="r">2021-04-03</subfield>
   <subfield code="v">88000.00</subfield>
   <subfield code="w">2021-04-03</subfield>
   <subfield code="y">BK</subfield>
  </datafield>
  <datafield tag="952" ind1=" " ind2=" ">
   <subfield code="0">0</subfield>
   <subfield code="1">0</subfield>
   <subfield code="2">ddc</subfield>
   <subfield code="4">0</subfield>
   <subfield code="6">346_597082000000000_V121</subfield>
   <subfield code="7">0</subfield>
   <subfield code="9">21064</subfield>
   <subfield code="a">000001</subfield>
   <subfield code="b">000001</subfield>
   <subfield code="d">2021-04-03</subfield>
   <subfield code="o">346.597082 V121</subfield>
   <subfield code="p">MD.18322</subfield>
   <subfield code="r">2021-04-03</subfield>
   <subfield code="v">88000.00</subfield>
   <subfield code="w">2021-04-03</subfield>
   <subfield code="y">BK</subfield>
  </datafield>
  <datafield tag="952" ind1=" " ind2=" ">
   <subfield code="0">0</subfield>
   <subfield code="1">0</subfield>
   <subfield code="2">ddc</subfield>
   <subfield code="4">0</subfield>
   <subfield code="6">346_597082000000000_V121</subfield>
   <subfield code="7">0</subfield>
   <subfield code="9">21065</subfield>
   <subfield code="a">000001</subfield>
   <subfield code="b">000001</subfield>
   <subfield code="d">2021-04-03</subfield>
   <subfield code="o">346.597082 V121</subfield>
   <subfield code="p">MD.18323</subfield>
   <subfield code="r">2021-04-03</subfield>
   <subfield code="v">88000.00</subfield>
   <subfield code="w">2021-04-03</subfield>
   <subfield code="y">BK</subfield>
  </datafield>
  <datafield tag="952" ind1=" " ind2=" ">
   <subfield code="0">0</subfield>
   <subfield code="1">0</subfield>
   <subfield code="2">ddc</subfield>
   <subfield code="4">0</subfield>
   <subfield code="6">346_597082000000000_V121</subfield>
   <subfield code="7">0</subfield>
   <subfield code="9">21066</subfield>
   <subfield code="a">000001</subfield>
   <subfield code="b">000001</subfield>
   <subfield code="d">2021-04-03</subfield>
   <subfield code="o">346.597082 V121</subfield>
   <subfield code="p">MD.18324</subfield>
   <subfield code="r">2021-04-03</subfield>
   <subfield code="v">88000.00</subfield>
   <subfield code="w">2021-04-03</subfield>
   <subfield code="y">BK</subfield>
  </datafield>
  <datafield tag="952" ind1=" " ind2=" ">
   <subfield code="0">0</subfield>
   <subfield code="1">0</subfield>
   <subfield code="2">ddc</subfield>
   <subfield code="4">0</subfield>
   <subfield code="6">346_597082000000000_V121</subfield>
   <subfield code="7">0</subfield>
   <subfield code="9">21067</subfield>
   <subfield code="a">000001</subfield>
   <subfield code="b">000001</subfield>
   <subfield code="d">2021-04-03</subfield>
   <subfield code="o">346.597082 V121</subfield>
   <subfield code="p">MD.18325</subfield>
   <subfield code="r">2021-04-03</subfield>
   <subfield code="v">88000.00</subfield>
   <subfield code="w">2021-04-03</subfield>
   <subfield code="y">BK</subfield>
  </datafield>
  <datafield tag="952" ind1=" " ind2=" ">
   <subfield code="0">0</subfield>
   <subfield code="1">0</subfield>
   <subfield code="2">ddc</subfield>
   <subfield code="4">0</subfield>
   <subfield code="6">346_597082000000000_V121</subfield>
   <subfield code="7">0</subfield>
   <subfield code="9">21068</subfield>
   <subfield code="a">000001</subfield>
   <subfield code="b">000001</subfield>
   <subfield code="d">2021-04-03</subfield>
   <subfield code="o">346.597082 V121</subfield>
   <subfield code="p">MD.18326</subfield>
   <subfield code="r">2021-04-03</subfield>
   <subfield code="v">88000.00</subfield>
   <subfield code="w">2021-04-03</subfield>
   <subfield code="y">BK</subfield>
  </datafield>
  <datafield tag="952" ind1=" " ind2=" ">
   <subfield code="0">0</subfield>
   <subfield code="1">0</subfield>
   <subfield code="2">ddc</subfield>
   <subfield code="4">0</subfield>
   <subfield code="6">346_597082000000000_V121</subfield>
   <subfield code="7">0</subfield>
   <subfield code="9">21069</subfield>
   <subfield code="a">000001</subfield>
   <subfield code="b">000001</subfield>
   <subfield code="d">2021-04-03</subfield>
   <subfield code="o">346.597082 V121</subfield>
   <subfield code="p">MD.18327</subfield>
   <subfield code="r">2021-04-03</subfield>
   <subfield code="v">88000.00</subfield>
   <subfield code="w">2021-04-03</subfield>
   <subfield code="y">BK</subfield>
  </datafield>
  <datafield tag="952" ind1=" " ind2=" ">
   <subfield code="0">0</subfield>
   <subfield code="1">0</subfield>
   <subfield code="2">ddc</subfield>
   <subfield code="4">0</subfield>
   <subfield code="6">346_597082000000000_V121</subfield>
   <subfield code="7">0</subfield>
   <subfield code="9">21070</subfield>
   <subfield code="a">000001</subfield>
   <subfield code="b">000001</subfield>
   <subfield code="d">2021-04-03</subfield>
   <subfield code="o">346.597082 V121</subfield>
   <subfield code="p">MD.18328</subfield>
   <subfield code="r">2021-04-03</subfield>
   <subfield code="v">88000.00</subfield>
   <subfield code="w">2021-04-03</subfield>
   <subfield code="y">BK</subfield>
  </datafield>
  <datafield tag="952" ind1=" " ind2=" ">
   <subfield code="0">0</subfield>
   <subfield code="1">0</subfield>
   <subfield code="2">ddc</subfield>
   <subfield code="4">0</subfield>
   <subfield code="6">346_597082000000000_V121</subfield>
   <subfield code="7">0</subfield>
   <subfield code="9">21071</subfield>
   <subfield code="a">000001</subfield>
   <subfield code="b">000001</subfield>
   <subfield code="d">2021-04-03</subfield>
   <subfield code="o">346.597082 V121</subfield>
   <subfield code="p">MD.18329</subfield>
   <subfield code="r">2021-04-03</subfield>
   <subfield code="v">88000.00</subfield>
   <subfield code="w">2021-04-03</subfield>
   <subfield code="y">BK</subfield>
  </datafield>
  <datafield tag="980" ind1=" " ind2=" ">
   <subfield code="a">Thư viện Trường Đại học Nam Cần Thơ</subfield>
  </datafield>
 </record>
</collection>
